| 000 | 01008nas a2200325 4500 | ||
|---|---|---|---|
| 001 | BR8502709 | ||
| 003 | BR-BrBNA | ||
| 005 | 20231205090208.0 | ||
| 007 | ta | ||
| 008 | 230509b bl.|||p| |||| 00| 00por d | ||
| 040 |
_aBR-BrBNA _bpor _cBiblioteca Nacional de Agricultura |
||
| 041 | _a(Pt) | ||
| 072 | _aF01; L02 | ||
| 100 | 1 | _aAronovich, S. | |
| 100 | 1 | _aRocha, G.L. da | |
| 245 | 1 | _aGramineas e leguminosas forrageiras de importancia no Brasil Central Pecuario | |
| 650 | _aGRAMINEA FORRAGEIRA | ||
| 650 | _aLEGUMINOSA FORRAGEIRA | ||
| 650 | _aRACAO | ||
| 650 | _aCAPIM GORDURA | ||
| 650 | _aCAPIM JARAGUA | ||
| 650 | _aCAPIM COLONIAO | ||
| 650 | _aCAPIM PANGOLA | ||
| 650 | _aCAPIM BRACHIARIA | ||
| 650 | _aCAPIM ANDROPOGON | ||
| 650 | _aNUTRICAO ANIMAL | ||
| 773 | 0 |
_tInforme Agropecuario - Empresa de Pesquisa Agropecuaria de Minas Gerais (Brazil) _xISSN 0100-3364 _g(Dec 1985), v. 11(132) p. 3-12 _wBR8502709 |
|
| 909 |
_a202311 _bLúcia _c55 _dLúcia Elande |
||
| 942 |
_2AGRIS _n0 _cANA |
||
| 999 |
_c116712 _d116712 |
||